000 00634 a2200229 4500
005 20260414105657.0
008 260413b |||||||| |||| 00| 0 eng d
020 _a9781526496973
_c$ 40.24
040 _aMAIN
082 _a910.72
_bB449C
100 _aBenzon, Nadia Van, ed.
245 _aCreative methods for human geographers
260 _bSage Publications
_aLondon
_c2021
300 _axix, 412
650 _aGeography
650 _aResearch Methods- Geography
650 _aHuman Geography
700 _aHoltan, Mark, ed.
700 _aWilkinson, Catherine, ed.
700 _aWilkinson, Samantha, ed.
942 _cBK
999 _c396895
_d396895